Word Ladder: R.E.M. Gems Quiz Stats

Quiz Updated Aug 7, 2015

Challenge
Share
Tweet
Embed
Score 0/26 Timer 03:00
1 Play Today
Hint 4-Letter Word % Correct
Long hair growing on a lionMANE
98.7%
♫ Be ____
OR A place to dig up diamonds
MINE
97.9%
♫ The One I ____
OR Valentine's Day emotion
LOVE
97.6%
A small, greenish-yellow fruit of a citrus treeLIME
97.1%
♫ It's The End Of The World As We Know it (And I Feel ____) ♫ FINE
97%
♫ ____ After ____ (AnnElise) ♫
OR What a clock gives
TIME
97%
♫ Life And How To ____ It ♫
OR Not pre-recorded
LIVE
96.9%
♫ ____ The River ♫
OR Discover while searching
FIND
96.5%
Without company or accompanimentLONE
96.1%
Not shortLONG
96%
♫ ____ On Me ♫
OR Autumn
FALL
95.9%
♫ Burning ____
OR The devil's home
HELL
95.3%
A corridor or passageway in a buildingHALL
95.2%
Hint 4-Letter Word % Correct
♫ ____ Of Birds ♫
OR A chess piece
KING
94%
Batman adversaryBANE
93.7%
♫ ____ And Blame ♫
OR Sound from a gun
BANG
93.6%
♫ Living ____ Is The Best Revenge ♫
OR A Common water source
WELL
93.2%
♫ ____ Unafraid ♫
OR Move via feet
WALK
93.2%
♫ ____ About The Passion ♫
OR Speak
TALK
92.9%
Indulgent, considerate, or helpfulKIND
92.8%
To occupy to the full capacityFILL
92.6%
♫ ____ For The Submarine ♫
OR Trill a tune
SING
92%
♫ Pop ____ 89 ♫
OR Brenda of 'The Suite Life on Deck'
SONG
91.8%
Support to a roofWALL
91.4%
A drawer or box in which money is keptTILL
90.1%
A thin slab or bent piece of baked clayTILE
88.9%

Today's Daily Dose

You're not logged in!

Compare scores with friends on all Sporcle quizzes.
Sign Up with Email
OR
Log In

You Might Also Like...

Show Comments

Extras

Top Quizzes Today


Score Distribution

Your Account Isn't Verified!

In order to create a playlist on Sporcle, you need to verify the email address you used during registration. Go to your Sporcle Settings to finish the process.